Ww2 weapons - Statistics

General Stats
  • This quiz has been taken 761 times
  • The average score is 11 of 35
Answer Stats
Himt Answer % Correct
Pistol Luger
72%
SMG MP40
68%
Semi-Rifle M1 garand
65%
MMG MG42
62%
Pistol Colt
59%
SMG Thompson
53%
Assault rifle StG44
51%
SMG PPSH
48%
SMG Sten
45%
Rifle Lee Enfield
44%
LMG MG34
41%
Rifle Mosin nagant
39%
Anti tank Panzerfaust
39%
Anti tank Bazooka
38%
LMG Bren
38%
Pistol Mauser
29%
Pistol Walther
29%
Semi-rifle M1 carbine
28%
SMG Grease gun
26%
Rifle Springfield
24%
Rifle Arisaka
23%
Semi-Rifle Gewehr 43
22%
Pistol Nambu
21%
Semi-rifle SVT-40
21%
Pistol tokarev
20%
Pistol Webley
20%
Anti tank PIAT
18%
Rifle K98
16%
Anti tank Panzerschrek
12%
LMG DP-28
11%
SMG FG-42
11%
HMG 50.cal
9%
Pistol PPK
6%
LMG 30 cal
5%
MMG Vickers
5%
No matching quizzes found
Score Distribution
Percent of People with Each Score
Percentile by Number Answered
Your Score History
You have not taken this quiz